| 000 | 00649 a2200205 4500 | ||
|---|---|---|---|
| 003 | OSt | ||
| 005 | 20180116182617.0 | ||
| 008 | 160426b xxu||||| |||| 00| 0 eng d | ||
| 020 | _a0415105013 | ||
| 020 | _a9780415105019 | ||
| 040 | _c0 | ||
| 100 | 1 | _aM, WARNER. | |
| 245 | 1 | 0 |
_aIntnl ency busnss mangmt V6 / _cWARNER M. |
| 260 |
_a[S.l.] : _bThomson Learning, _c1996 |
||
| 300 | _a5545 p. | ||
| 500 | _aHardcover. | ||
| 856 | 4 | 0 |
_3Amazon.com _uhttp://www.amazon.com/exec/obidos/ASIN/0415105013/chopaconline-20 |
| 856 | 4 | 0 |
_3Amazon customer reviews _uhttp://www.chopac.org/cgi-bin/tools/azrev.pl?q=0415105013 |
| 942 |
_aNBS _cBK _k650.03 WAR _2ddc |
||
| 999 |
_c342715 _d342715 |
||